000 00703nam a2200169Ia 4500
008 090711s9999 xx 000 0 und d
082 _b1208
100 _aदेऊळगावकर अतुल
245 _aस्वामीनाथन : भूकमुक्तीSाा ध्यास
260 _bअक्षर प्रकाशन
_c2000
300 _a172
600 _aदेऊळगावकर अतुल
630 _aस्वामीनाथन : भूकमुक्तीSाा ध्यास
700 _aदेऊळगावकर अतुल
730 _aस्वामीनाथन : भूकमुक्तीSाा ध्यास
942 _cBOOK
999 _c338214
_d338214